Neujahrsblatt der Stadtbibliothek Winterthur: NJBL
| Corporate Author: | |
|---|---|
| Format: | Print Series/Journal |
| Language: | German |
| Published: |
Zürich
Chronos-Verl.
2009-2014
Zürich Chronos Verlag 2015-2022 Winterthur Stadtbibl. teils Zürich Chronos 2024- |
| In: | Year: 1873 |
| Check availability: | HBZ Gateway |
| Subito Delivery Service: | Order now. |
| Volumes / Articles: | Show volumes/articles. |
| Keywords: |
MARC
| LEADER | 00000cas a2200000 c 4500 | ||
|---|---|---|---|
| 001 | 130273740 | ||
| 003 | DE-627 | ||
| 005 | 20260207115553.0 | ||
| 007 | tu | ||
| 008 | 931116c18739999sz z| m| 0 |0ger c | ||
| 015 | |a 08,A15,0026 |2 dnb | ||
| 016 | 7 | |a 013159380 |2 DE-101 | |
| 016 | 7 | |a 564707-1 |2 DE-600 | |
| 022 | |a 0254-3680 | ||
| 035 | |a (DE-627)130273740 | ||
| 035 | |a (DE-576)015842312 | ||
| 035 | |a (DE-599)ZDB564707-1 | ||
| 035 | |a (OCoLC)1233039263 | ||
| 040 | |a DE-627 |b ger |c DE-627 |e rakwb | ||
| 041 | |a ger | ||
| 044 | |c XA-CH | ||
| 082 | 0 | 4 | |a 020 |q DE-101 |
| 082 | 0 | 4 | |a 020 |q DE-600 |
| 084 | |a 24,1 |2 ssgn | ||
| 084 | |a NR 8810 |2 rvk |0 (DE-625)rvk/130188: | ||
| 084 | |a 15.60 |2 bkl | ||
| 084 | |a 01.00 |2 bkl | ||
| 110 | 2 | |a Stadtbibliothek Winterthur |e VerfasserIn |0 (DE-588)2022635-4 |0 (DE-627)10210509X |0 (DE-576)191755354 |4 aut | |
| 245 | 1 | 0 | |a Neujahrsblatt der Stadtbibliothek Winterthur |b NJBL |
| 246 | 3 | 3 | |a NJBL |
| 247 | 1 | 0 | |a Neujahrs-Blatt von der Stadtbibliothek in Winterthur |f Hauptsacht. 210.1873 - 229.1881 |
| 247 | 1 | 0 | |a auf das Jahr ... |f Zusatz teils |
| 264 | 2 | 1 | |a Zürich |b Chronos-Verl. |c 2009-2014 |
| 264 | 2 | 1 | |a Zürich |b Chronos Verlag |c 2015-2022 |
| 264 | 2 | 1 | |a Winterthur |b Stadtbibl. |c teils |
| 264 | 3 | 1 | |a Zürich |b Chronos |c 2024- |
| 336 | |a Text |b txt |2 rdacontent | ||
| 337 | |a ohne Hilfsmittel zu benutzen |b n |2 rdamedia | ||
| 338 | |a Band |b nc |2 rdacarrier | ||
| 362 | 0 | |a 210.1873- | |
| 363 | 0 | 1 | |a 210 |i 1873 |
| 365 | |b Pp. | ||
| 515 | |a 251.1917 - 265.1934 auch als N.S. 1-15 bez.; 307.1977 fälschlich als 308.1977 bez.; ersch. unregelmäßig | ||
| 655 | 7 | |a Monografische Reihe |0 (DE-588)4179998-7 |0 (DE-627)104628669 |0 (DE-576)209995106 |2 gnd-content | |
| 889 | |w (DE-603)007643616 | ||
| 889 | |w (DE-627)187669999X | ||
| 889 | |w (DE-627)1918082537 | ||
| 935 | |i sdedup20221004 | ||
| 936 | r | v | |a NR 8810 |b Sonstige |k Geschichte |k Landes- und Stadtgeschichte (Allgemeine, Deutsche und Österreichische Landes- und Stadtgeschichte, Ausländische Stadtgeschichte, Geschichte der Auslanddeutschen) |k Geschichte ausländischer Städte |k Europäische Städte |k Sonstige |0 (DE-627)1271328038 |0 (DE-625)rvk/130188: |0 (DE-576)201328038 |
| 936 | b | k | |a 15.60 |
| 936 | b | k | |a 01.00 |j Allgemeines |q ARK |0 (DE-627)106403362 |
| 936 | s | n | |a n100 |2 mzub |
| 936 | s | n | |a a200 |2 mzub |
| 951 | |a ST | ||
| ELC | |b 1 | ||
| LOK | |0 000 xxxxxcx a22 zn 4500 | ||
| LOK | |0 001 2118743769 | ||
| LOK | |0 003 DE-627 | ||
| LOK | |0 004 130273740 | ||
| LOK | |0 005 20100605145404 | ||
| LOK | |0 008 870630||||||||||||||||ger||||||| | ||
| LOK | |0 040 |a DE-21 |c DE-627 |d DE-21 | ||
| LOK | |0 852 |a DE-21 | ||
| LOK | |0 852 1 |9 00 | ||
| LOK | |0 935 |a konv | ||
| LOK | |0 939 |a 30-06-87 |b l01 | ||
| LOK | |0 000 xxxxxcx a22 zn 4500 | ||
| LOK | |0 001 272685866X | ||
| LOK | |0 003 DE-627 | ||
| LOK | |0 004 130273740 | ||
| LOK | |0 005 20121031115338 | ||
| LOK | |0 008 121031||||||||||||||||ger||||||| | ||
| LOK | |0 040 |a DE-21-14 |c DE-627 |d DE-21-14 | ||
| LOK | |0 852 |a DE-21-14 | ||
| LOK | |0 852 1 |m p |9 00 | ||
| LOK | |0 935 |a k014 |a i014 | ||
| LOK | |0 938 |k p | ||
| LOK | |0 939 |a 31-10-12 |b l01 | ||
| LOK | |0 000 xxxxxcx a22 zn 4500 | ||
| LOK | |0 001 2785290968 | ||
| LOK | |0 003 DE-627 | ||
| LOK | |0 004 130273740 | ||
| LOK | |0 005 20140306153648 | ||
| LOK | |0 008 140306||||||||||||||||ger||||||| | ||
| LOK | |0 040 |a DE-21-32c |c DE-627 |d DE-21-32c | ||
| LOK | |0 852 |a DE-21-32c | ||
| LOK | |0 852 1 |m p |9 00 | ||
| LOK | |0 935 |a k32c |a i32c | ||
| LOK | |0 938 |k p | ||
| LOK | |0 939 |a 06-03-14 |b l01 | ||
| LOK | |0 000 xxxxxcx a22 zn 4500 | ||
| LOK | |0 001 3002386162 | ||
| LOK | |0 003 DE-627 | ||
| LOK | |0 004 130273740 | ||
| LOK | |0 005 20180312072754 | ||
| LOK | |0 008 180312||||||||||||||||ger||||||| | ||
| LOK | |0 040 |a DE-Frei85 |c DE-627 |d DE-Frei85 | ||
| LOK | |0 852 |a DE-Frei85 | ||
| LOK | |0 852 1 |m p |9 00 | ||
| LOK | |0 938 |k p | ||
| LOK | |0 939 |a 12-03-18 |b l01 | ||
| ORI | |a SA-MARC-krimdokb001.raw | ||
| SPR | |a 1 |t KRI | ||
